| 000 | 00505nam a22001937a 4500 | ||
|---|---|---|---|
| 003 | CEME | ||
| 005 | 20210628203536.0 | ||
| 008 | 210119b xxu||||| |||| 00| 0 eng d | ||
| 020 | _a9780750684071 | ||
| 040 | _c. | ||
| 082 | _a658.3125 LEE | ||
| 100 |
_aLeech, Corinne _966143 |
||
| 245 | _aManaging performance, learning made simple | ||
| 250 | _a4TH | ||
| 260 |
_aUSA _bELSEVIER _c2007 |
||
| 300 | _aVII,120P | ||
| 650 |
_aMANAGEMENT PERFORMANCE. PERFORMANCE MANAGEMENT _966144 |
||
| 942 |
_cBK _2ddc |
||
| 999 |
_c574160 _d574160 |
||